| 000 | 01017nam a2200241Ia 4500 | ||
|---|---|---|---|
| 999 |
_c52992 _d52992 |
||
| 001 | 20023 | ||
| 003 | GE_BSU | ||
| 005 | 20200602183158.0 | ||
| 008 | 181216s1965||||ge |||||||||||||| ||geo|| | ||
| 040 | _cGE_BSU | ||
| 041 | _ageo | ||
| 080 | _a811.353.1'35 შ-19 | ||
| 100 |
_aშალამბერიძე, გიორგი _98279 |
||
| 245 |
_aქართული მართლწერა : _bსაშუალო სკოლის მოსწავლეთათვის / _cგიორგი შალამბერიძე ; რედ. ე. გელაშვილი. |
||
| 250 | _aმე-3 გამოცემა | ||
| 264 |
_aთბილისი : _bგანათლება, _c1965. |
||
| 300 |
_a228 გვ. ; _c21 სმ |
||
| 541 | _h80თ. | ||
| 653 | _aქართული ენა | ||
| 653 | _aქართული ენის მართლწერა | ||
| 700 |
_aგელაშვილი, ე. _eრედაქტორი _97719 |
||
| 942 |
_cBK _2udc |
||